| 000 | 00892cad a22002055a 4500 | ||
|---|---|---|---|
| 001 | E154935 | ||
| 008 | 120206s2012 xxk f s000 0 eng d | ||
| 020 | _a9781780456355 | ||
| 035 | _a(Sirsi) u154935 | ||
| 041 | 0 | _aeng | |
| 110 | 2 |
_aScotland _bScottish Government _95344 |
|
| 245 | 0 | 4 |
_aThe Tenancy Deposit Schemes (Scotland) Regulations 2011 _bconsultation on the revised terms of a tenancy deposit scheme proposed by SafeDeposits Scotland _h[electronic resource] |
| 260 |
_aEdinburgh _bScottish Government _c2012 |
||
| 520 | _aSeeks views on a proposed tenancy deposit scheme by SafeDeposits Scotland. Deadline for comments is 18 March 2012. | ||
| 590 | _aKA | ||
| 651 | 4 |
_aScotland _y1999- |
|
| 690 |
_aLandlord and tenant _96252 |
||
| 856 | 4 | 0 |
_uhttps://www.scotland.gov.uk/Publications/2012/02/9002/downloads _zView the consultation free of charge at www.scotland.gov.uk |
| 942 | _n0 | ||
| 999 |
_c113246 _d113246 |
||